Southville International School and Colleges
Your cart is empty.
  • Cart
  • Lists
    Public lists Eva Luna New books Lux_list list_1
    Your lists Log in to create your own lists
  • Log in to your account
  • Your cookies
  • Search history
Southville International School and Colleges
  • Advanced search
  • Recent comments
  • Most popular
  • Libraries

Log in to your account

Log in with GOOGLE


If you do not have an external account, but do have a local account, you can still log in:

  1. Home
  2. MARC view: The organized teacher's guide to classroom management /
Normal view MARC view ISBD view

The organized teacher's guide to classroom management / (Record no. 25114)

[ view plain ]
MARC details
000 -LEADER
fixed length control field 00652nam a2200229 a 4500
005 - DATE AND TIME OF LATEST TRANSACTION
control field 20140310183602.0
008 - FIXED-LENGTH DATA ELEMENTS--GENERAL INFORMATION
fixed length control field 120717s19uu xx 00 eng d
020 ## - INTERNATIONAL STANDARD BOOK NUMBER
International Standard Book Number 9780071742009
020 ## - INTERNATIONAL STANDARD BOOK NUMBER
International Standard Book Number 9780071745086
020 ## - INTERNATIONAL STANDARD BOOK NUMBER
International Standard Book Number 9780071741989
050 ## - LIBRARY OF CONGRESS CALL NUMBER
Classification number LB 3013
Item number .Sp769 2011
100 ## - MAIN ENTRY--PERSONAL NAME
Personal name Springer, Steve
245 ## - TITLE STATEMENT
Title The organized teacher's guide to classroom management /
Statement of responsibility, etc Steve Springer
260 ## - PUBLICATION, DISTRIBUTION, ETC. (IMPRINT)
Place of publication, distribution, etc New York :
Name of publisher, distributor, etc McGraw-Hill,
Date of publication, distribution, etc 2011.
300 ## - PHYSICAL DESCRIPTION
Extent 276 p. :
Other physical details ill. ;
Dimensions 28 cm.
521 ## - TARGET AUDIENCE NOTE
Target audience note
650 ## - SUBJECT ADDED ENTRY--TOPICAL TERM
Topical term or geographic name as entry element Classroom management
650 ## - SUBJECT ADDED ENTRY--TOPICAL TERM
Topical term or geographic name as entry element Effective teaching
700 ## - ADDED ENTRY--PERSONAL NAME
Personal name Persiani, Kimberly
942 ## - ADDED ENTRY ELEMENTS (KOHA)
Koha item type Books
Source of classification or shelving scheme Library of Congress Classification
Call number prefix Foreign
Holdings
Withdrawn status Lost status Source of classification or shelving scheme Damaged status Home library Current library Shelving location Date acquired Total Checkouts Total Renewals Full call number Barcode Date last seen Date checked out Copy number Price effective from Koha item type
    Library of Congress Classification   College Library College Library General Circulation Section 07/17/2012 1 7 LB 3013 .Sp769 2011 C14397 05/15/2018 07/24/2014 1 11/14/2013 Books

The organized teacher's guide to classroom management /

APA

Springer S., Persiani K., . (2011). The organized teacher's guide to classroom management. New York: McGraw-Hill.

Chicago

Springer Steve, Persiani Kimberly, . 2011. The organized teacher's guide to classroom management. New York: McGraw-Hill.

Harvard

Springer S., Persiani K., . (2011). The organized teacher's guide to classroom management. New York: McGraw-Hill.

MLA

Springer Steve, Persiani Kimberly, . The organized teacher's guide to classroom management. New York: McGraw-Hill. 2011.

  • Place hold
  • Print
  • Cite
  • Add to your cart (remove)
  • Save record
    BIBTEX Dublin Core MARCXML MARC (non-Unicode/MARC-8) MARC (Unicode/UTF-8) MARC (Unicode/UTF-8, Standard) MODS (XML) RIS
  • More searches
    Search for this title in:
    Other Libraries (WorldCat) Other Databases (Google Scholar) Online Stores (Bookfinder.com) Open Library (openlibrary.org)

Exporting to Dublin Core...

SOUTHVILLE LIBRARY

Southville International School and Colleges Library

1281 Tropical Ave. Cor. Luxembourg St., BF Homes International, Las Pinas City

Tel. No. 8256374 / 252358 Loc. 117/146

Powered by Koha